[Event "Titled Tue 20th Dec Early"]
[Site "chess.com INT"]
[Date "2022.12.20"]
[Round "4"]
[White "Shankland, S.."]
[Black "Erigaisi, Arjun"]
[Result "1/2-1/2"]
[WhiteElo "2710"]
[BlackElo "2722"]
[PlyCount "92"]
[EventDate "2022.12.20"]

1. d4 Nf6 2. c4 e6 3. Nc3 Bb4 4. Qc2 Nc6 5. Nf3 d6 6. Bd2 O-O 7. a3 Bxc3 8. Bxc3 Qe7 9. e4 e5 10. d5 Nb8 11. Be2 a5 ({RR} 11... Nbd7 12. b4 b6 13. O-O Re8 14. Rfc1 a6 15. Nd2 Bb7 16. a4 c6 17. dxc6 Bxc6 18. a5 Rec8 19. axb6 Nxb6 20. Ra5 Bb7 21. Rca1 Nbd7 22. f3 Nh5 23. Bf1 Nf4 24. Nb3 h5 25. R5a3 Rab8 26. Qd2 {Bok,B (2591)-Martinez Alcantara,J (2611) chess.com INT 2025 0-1 (45)}) 12. O-O Bg4 $146 ({RR} 12... a4 13. c5 Bg4 14. cxd6 cxd6 15. Rfe1 Nbd7 16. Nd2 Bxe2 17. Rxe2 Rfc8 18. Re3 Nh5 19. Qd1 g6 20. Bb4 b5 21. Rc1 Rxc1 22. Qxc1 Nc5 23. Bxc5 Rc8 24. g3 Nf6 25. Rc3 dxc5 26. Qf1 c4 27. Qc1 {Prozhanski,G (2254)-Mindlin,A (2432) Israel ISR 2023 ½-½}) ({RR} 12... a4 13. c5 Bg4 14. cxd6 cxd6 15. Ne1 Bxe2 16. Qxe2 Nbd7 17. Nd3 b6 18. Nb4 Nc5 19. Nc6 Qb7 20. f3 Kh8 21. Kh1 Ng8 22. f4 f6 23. Qf3 Rfe8 24. Bb4 exf4 25. Bxc5 bxc5 26. Qxf4 Qd7 27. Rac1 {Lazavik,D (2572)-Praggnanandhaa,R (2747) chess.com INT 2024 0-1 (68)}) 13. b4 Nbd7 14. h3 Bh5 15. Rfb1 Rfc8 16. Qd3 c6 17. Rc1 axb4 18. axb4 Rxa1 19. Bxa1 cxd5 20. exd5 e4 21. Qe3 Nxd5 22. cxd5 Rxc1+ 23. Qxc1 exf3 24. Bxf3 Bxf3 25. gxf3 h6 26. Qe3 Qg5+ 27. Qxg5 hxg5 28. Bd4 Nf6 29. Bxf6 gxf6 30. f4 Kg7 31. f5 Kf8 32. Kg2 Ke7 33. Kg3 Kf8 34. Kg4 Kg7 35. f4 Kh6 36. fxg5+ fxg5 37. h4 gxh4 38. Kxh4 f6 39. Kg4 b5 40. Kh4 Kg7 41. Kh5 Kh7 42. Kh4 Kh6 43. Kg4 Kg7 44. Kh4 Kh6 45. Kg4 Kg7 46. Kh4 Kh6 1/2-1/2

[Event "87th Tata Steel Masters 2025"]
[Site "Wijk aan Zee"]
[Date "2025.01.31"]
[Round "11.7"]
[White "Van Foreest, Jorden"]
[Black "Erigaisi, Arjun Kumar"]
[Result "1/2-1/2"]
[WhiteElo "2680"]
[BlackElo "2801"]
[Annotator "Chessbase - Stockfish 17"]
[PlyCount "63"]
[EventDate "2025.??.??"]
[EventCountry "NED"]

{[%evp 9,63,-2,0,-26,-16,-17,-13,-20,-18,-17,13,14,0,0,0,0,0,6,0,0,5,0,10,0,0,0,0,0,0,0,0,0,0,0,0,0,0,0,0,0,0,0,0,0,0,0,5,0,0,0,0,0,0,0,0,0]} 1. d4 Nf6 2. c4 e6 3. Nc3 Bb4 4. a3 Bxc3+ 5. bxc3 Nc6 6. f3 {E24: Nimzo-Indian: Sämisch: Unusual Black 5th moves and 5...c5 sidelines.} b6 7. e4 {The position is equal.} Na5 8. c5 (8. Bd3 Ba6 9. Qe2 O-O 10. Bg5 h6 11. Bh4 g5 12. Bg3 Nh5 13. f4 Ng7 14. Nf3 f5 15. O-O g4 16. Nd2 d5 17. cxd5 Bxd3 18. Qxd3 fxe4 19. Qxe4 Qxd5 20. Qg6 Qf5 21. Qxh6 Rf6 22. Qg5 Rg6 {Ter Sahakyan,S (2649)-Firouzja,A (2759) chess.com INT 2024 ½-½ (53)}) ({RR} 8. Bd3 Ba6 9. Qe2 O-O 10. Bg5 h6 11. Bh4 g5 12. Bg3 Nh5 13. f4 Ng7 14. Nf3 f5 15. O-O g4 16. Nd2 d5 17. cxd5 Bxd3 18. Qxd3 fxe4 19. Qxe4 Qxd5 20. Qg6 Qf5 21. Qxh6 Rf6 22. Qg5 Rg6 {Ter Sahakyan,S (2649)-Firouzja,A (2759) chess.com INT 2024 ½-½ (53)}) 8... bxc5 9. Qa4 Nc6 ({RR} 9... Nb7 10. Bg5 h6 11. Bh4 cxd4 12. cxd4 c5 13. Ne2 Qa5+ 14. Qxa5 Nxa5 15. dxc5 Nb3 16. Rb1 Nxc5 17. Nc3 Ba6 18. Nb5 O-O 19. Bg3 Bxb5 20. Rxb5 Rfc8 21. Bd6 Na4 22. Rb4 Nb6 23. Kd2 Rc6 24. Be5 {Marin Ferragut,P (2380)-Vantika,A (2388) Budapest HUN 2025 ½-½ (40)}) 10. Bb5 $146 (10. Bg5 h6 11. Bh4 cxd4 12. cxd4 e5 13. Ne2 O-O 14. Rc1 exd4 15. Nxd4 Nxd4 16. Qxd4 d6 17. Bxf6 Qxf6 18. Qxf6 gxf6 19. Rxc7 Rb8 20. Kd2 Rb2+ 21. Rc2 Rb1 22. Rc1 Rb2+ 23. Kc3 Ra2 24. Bc4 Rxg2 {Sasikiran,K (2581)-Albers,S (2309) Paracin SRB 2024 1-0 (46)}) ({RR} 10. Bg5 h6 11. Bh4 cxd4 12. cxd4 e5 13. Ne2 O-O 14. Rc1 exd4 15. Nxd4 Nxd4 16. Qxd4 d6 17. Bxf6 Qxf6 18. Qxf6 gxf6 19. Rxc7 Rb8 20. Kd2 Rb2+ 21. Rc2 Rb1 22. Rc1 Rb2+ 23. Kc3 Ra2 24. Bc4 Rxg2 {Sasikiran,K (2581)-Albers,S (2309) Paracin SRB 2024 1-0 (46)}) 10... cxd4 $146 (10... Ne7 11. dxc5 O-O 12. Be3 d5 13. e5 Nd7 14. f4 a5 15. Nf3 Nb8 16. Qc2 h6 {1-0 Vuelban,V (2237)-Bellahcene,B (2521) Kuwait op 1st 2025 (5)}) 11. Bxc6 dxc6 12. cxd4 Qd7 {[%cal Yc6c5]} 13. Ne2 c5 14. Qc4 {White sacrificed a pawn} cxd4 15. Nxd4 Ba6 16. Qxa6 (16. Qc5 {simplifies} Qd6 17. Qc6+ Qxc6 18. Nxc6 Bb5 19. Na5) 16... Qxd4 17. Qc6+ {A sharp opening} Ke7 18. Qxc7+ Nd7 19. Bg5+ f6 20. Rd1 Rhc8 21. Qg3 {Really sharp!} Qb6 22. Bf4 g6 23. Qf2 {Prevents Rc2} (23. Qh4 {keeps more tension.} h5 24. Qf2 Ke8 25. O-O) 23... Qxf2+ 24. Kxf2 e5 25. Be3 Rc2+ 26. Rd2 Rac8 27. Rhd1 Nb6 28. Bxb6 axb6 29. Ke2 R8c3 30. a4 Rxd2+ 31. Rxd2 Ra3 32. Rb2 {An interesting draw. Weighted Error Value: White=0.02 (flawless) /Black=0.02 (flawless) Inaccurate: 	--- 	Black=1 OK: 	White=15 	Black=15 Best: 	White=2 	Black=2 Precisão Stockfish 17: Brancas 99% Pretas 99% Precisão Chess.com: Brancas 99.5% Pretas 99.5%} 1/2-1/2

[Event "87th Tata Steel Masters"]
[Site "Wijk aan Zee NED"]
[Date "2025.01.31"]
[Round "11.7"]
[White "Van Foreest, Jorden"]
[Black "Erigaisi, Arjun"]
[Result "1/2-1/2"]
[WhiteElo "2680"]
[BlackElo "2801"]
[PlyCount "63"]
[EventDate "2025.01.18"]

1. d4 Nf6 2. c4 e6 3. Nc3 Bb4 4. a3 Bxc3+ 5. bxc3 Nc6 6. f3 b6 7. e4 Na5 8. c5 ({RR} 8. Bd3 Ba6 9. Qe2 O-O 10. Bg5 h6 11. Bh4 g5 12. Bg3 Nh5 13. f4 Ng7 14. Nf3 f5 15. O-O g4 16. Nd2 d5 17. cxd5 Bxd3 18. Qxd3 fxe4 19. Qxe4 Qxd5 20. Qg6 Qf5 21. Qxh6 Rf6 22. Qg5 Rg6 {Ter Sahakyan,S (2649)-Firouzja,A (2759) chess.com INT 2024 ½-½ (53)}) 8... bxc5 9. Qa4 Nc6 ({RR} 9... Nb7 10. Bg5 h6 11. Bh4 cxd4 12. cxd4 c5 13. Ne2 Qa5+ 14. Qxa5 Nxa5 15. dxc5 Nb3 16. Rb1 Nxc5 17. Nc3 Ba6 18. Nb5 O-O 19. Bg3 Bxb5 20. Rxb5 Rfc8 21. Bd6 Na4 22. Rb4 Nb6 23. Kd2 Rc6 24. Be5 {Marin Ferragut,P (2380)-Vantika,A (2388) Budapest HUN 2025 ½-½ (40)}) 10. Bb5 $146 ({RR} 10. Bg5 h6 11. Bh4 cxd4 12. cxd4 e5 13. Ne2 O-O 14. Rc1 exd4 15. Nxd4 Nxd4 16. Qxd4 d6 17. Bxf6 Qxf6 18. Qxf6 gxf6 19. Rxc7 Rb8 20. Kd2 Rb2+ 21. Rc2 Rb1 22. Rc1 Rb2+ 23. Kc3 Ra2 24. Bc4 Rxg2 {Sasikiran,K (2581)-Albers,S (2309) Paracin SRB 2024 1-0 (46)}) 10... cxd4 11. Bxc6 dxc6 12. cxd4 Qd7 13. Ne2 c5 14. Qc4 cxd4 15. Nxd4 Ba6 16. Qxa6 Qxd4 17. Qc6+ Ke7 18. Qxc7+ Nd7 19. Bg5+ f6 20. Rd1 Rhc8 21. Qg3 Qb6 22. Bf4 g6 23. Qf2 Qxf2+ 24. Kxf2 e5 25. Be3 Rc2+ 26. Rd2 Rac8 27. Rhd1 Nb6 28. Bxb6 axb6 29. Ke2 R8c3 30. a4 Rxd2+ 31. Rxd2 Ra3 32. Rb2 1/2-1/2

[Event "Castelldefels Llobregat op 2nd"]
[Site "Castelldefels"]
[Date "2021.12.04"]
[Round "5"]
[White "Visakh, Narayanan Rajeswari"]
[Black "Erigaisi, Arjun Kumar"]
[Result "1/2-1/2"]
[WhiteElo "2515"]
[BlackElo "2627"]
[PlyCount "99"]
[EventDate "2021.11.30"]
[EventType "swiss"]
[EventRounds "9"]
[EventCountry "ESP"]
[SourceTitle "CBM 205 Extra"]
[Source "ChessBase"]
[SourceDate "2022.01.31"]
[SourceVersion "1"]
[SourceVersionDate "2022.01.31"]
[SourceQuality "1"]

1. d4 Nf6 2. c4 e6 3. Nc3 Bb4 4. Qc2 d5 5. cxd5 exd5 6. Bg5 h6 7. Bh4 Nc6 8. e3 g5 9. Bg3 h5 10. Bb5 h4 11. Be5 Bxc3+ ({RR} 11... O-O 12. Bxc6 bxc6 13. Nge2 Nh5 14. h3 f6 15. Bh2 Rb8 16. O-O Ng7 17. Na4 Ba6 18. Rfc1 Bd6 19. Qd1 Bxh2+ 20. Kxh2 Qd6+ 21. Kh1 Ne6 22. b3 Rbe8 23. Ng1 Bc8 24. Rc3 Bd7 25. Rac1 Re7 26. Nc5 {So,W (2757)-Kollars,D (2648) chess.com INT 2024 1-0 (61)}) ({RR} 11... O-O 12. Bxc6 bxc6 13. Nge2 Ng4 14. h3 Nxe5 15. dxe5 Qe7 16. a3 Ba5 17. O-O Qxe5 18. Nd4 Bd7 19. Na4 Bb6 20. Nc5 Bxc5 21. Qxc5 Qd6 22. Rac1 Qxc5 23. Rxc5 Rfb8 24. b4 Rb6 25. e4 dxe4 26. Rxg5+ {Visakh,N (2503)-Alekseenko,K (2708) Biel 2022 ½-½ (47)}) 12. Qxc3 ({RR} 12. bxc3 Rh6 13. h3 Bd7 14. Bh2 Qe7 15. Bxc7 Rc8 16. Bxc6 Bxc6 17. Be5 Ne4 18. a4 Bd7 19. Ne2 Rhc6 20. O-O g4 21. hxg4 h3 22. gxh3 Qh4 23. Kg2 Rh6 24. Nf4 Bxg4 25. Rh1 Bf5 26. Qb2 b6 {Ruperez,M (2135)-Brodsky,D (2539) chess.com INT 2024 0-1}) 12... Bd7 13. Bxf6 $146 ({RR} 13. Bd3 O-O 14. h3 Re8 15. Nf3 Ne4 16. Qb3 Bf5 17. Bh2 Qf6 18. Rc1 Ng3 19. Bxf5 Nxh1 20. Qd3 Nb4 21. Bh7+ Kg7 22. Qf5 Qxf5 23. Bxf5 Kf6 24. Bb1 Nc6 25. Ke2 Nxf2 26. Kxf2 Rac8 27. Rc5 Red8 {Budisavljevic,L (2519)-Dobrovoljc,V (2406) Terme Catez 2022 1-0 (31)}) 13... Qxf6 14. h3 O-O-O 15. Rc1 a6 16. Bxc6 Qxc6 17. Qxc6 Bxc6 18. Nf3 f6 19. Kd2 Be8 20. Ne1 b6 21. Nd3 Rg8 22. Rcg1 Bg6 23. g4 hxg3 24. Rxg3 Rh8 25. f4 Bxd3 26. Kxd3 gxf4 27. exf4 Rh6 28. Re1 Rdh8 29. Ree3 Rh4 30. Ref3 Kd7 31. b4 R8h7 32. Kd2 Ke6 33. f5+ Kf7 34. Kc3 R7h5 35. a4 b5 36. axb5 axb5 37. Kd3 c6 38. Rf1 Rxh3 39. Rxh3 Rxh3+ 40. Kc2 Rh5 41. Kd3 Rh3+ 42. Kc2 Ra3 43. Rf4 Rg3 44. Rf1 Kg7 45. Re1 Kh6 46. Re6 Kg5 47. Rxc6 Kxf5 48. Rb6 Ke4 49. Rxf6 Kxd4 50. Rc6 1/2-1/2